Movies Quiz

Random Movies or Actor Quiz

Leonardo DiCaprio's Oscar Noms Quiz Stats

Quiz Updated Feb 22, 2016

Challenge
Share
Tweet
Embed
Score 0/5 Timer 02:00
1 Play Today
Year Movie % Correct
2016The Revenant
88.9%
2014The Wolf of Wall Street
73.7%
1994What's Eating Gilbert Grape
72.9%
2005The Aviator
63.2%
2007Blood Diamond
41.5%

You're not logged in!

Compare scores with friends on all Sporcle quizzes.
Join for Free
OR
Log In

You Might Also Like...

Show Comments

Extras

Top Quizzes Today


Score Distribution

Your Account Isn't Verified!

In order to create a playlist on Sporcle, you need to verify the email address you used during registration. Go to your Sporcle Settings to finish the process.

Report this User

Report this user for behavior that violates our Community Guidelines.

Details: